| 000 | 01045aam a2200409a 44500 | ||
|---|---|---|---|
| 008 | 951106s1995 cat | ||
| 017 | _aB-23659-1995 | ||
| 020 | _a8439333242 | ||
| 041 | _acat | ||
| 041 | _beng | ||
| 041 | _bfre | ||
| 041 | _bspa | ||
| 080 | _a627.2(038) | ||
| 245 | _aDiccionari de ports i costes: Català, castellà, francès, anglès | ||
| 260 | _aBarcelona | ||
| 260 | _bGeneralitat de Catalunya. Departament de Política Territorial i Obres Públiques | ||
| 260 | _c1995 | ||
| 300 |
_a351 p. _bil. _c23 cm |
||
| 500 | _aÍndexs. Bibliografia. | ||
| 500 | _btermcat | ||
| 520 | _a2.067 | ||
| 546 | _acatalà | ||
| 591 | _a4805 | ||
| 592 | _aObra terminològica | ||
| 593 | _aHEM | ||
| 593 | _aLC | ||
| 594 | _a4805 | ||
| 650 |
_acostes _962876 |
||
| 650 |
_aobres marítimes _963765 |
||
| 650 |
_aports _963764 |
||
| 650 |
_atransport marítim _963763 |
||
| 901 | _c<1995> | ||
| 902 | _a951106 | ||
| 942 |
_cMO _n0 |
||
| 999 |
_c53283 _d53283 |
||